000
00285nam a2200109Ia 4500
008
230907s9999||||xx |||||||||||||| ||und||
082
_a
620.00151535
_b
LOG
100
_a
Logan, Daryl L.
_9
63772
245
2
_a
A first course in finite element method /
300
_a
pages cm
942
_c
BK
999
_c
600800
_d
600800